<?xml version="1.0" encoding="UTF-8"?>
<record
    xmlns:xsi="http://www.w3.org/2001/XMLSchema-instance"
    xsi:schemaLocation="http://www.loc.gov/MARC21/slim http://www.loc.gov/standards/marcxml/schema/MARC21slim.xsd"
    xmlns="http://www.loc.gov/MARC21/slim">

  <leader>00690nam a2200241 i 4500</leader>
  <controlfield tag="001">10460</controlfield>
  <controlfield tag="003">ES-MaACL</controlfield>
  <controlfield tag="005">20240418063053.0</controlfield>
  <controlfield tag="007">t|</controlfield>
  <controlfield tag="008">950627s1994    sp           |||| | spa d</controlfield>
  <datafield tag="020" ind1=" " ind2=" ">
    <subfield code="a">84-264-2780-4</subfield>
  </datafield>
  <datafield tag="080" ind1=" " ind2=" ">
    <subfield code="a">86-195"19"</subfield>
  </datafield>
  <datafield tag="100" ind1="1" ind2=" ">
    <subfield code="a">Pexegueiro, Alfonso.</subfield>
    <subfield code="9">91584</subfield>
  </datafield>
  <datafield tag="245" ind1="1" ind2="3">
    <subfield code="a">El lago de las garzas azules </subfield>
    <subfield code="b">: cuento de Europa, ni&#xF1;os de &#xC1;frica / </subfield>
    <subfield code="c">Alfonso Pexegueiro.</subfield>
  </datafield>
  <datafield tag="250" ind1=" " ind2=" ">
    <subfield code="a">1&#xAA; ed.</subfield>
  </datafield>
  <datafield tag="260" ind1=" " ind2=" ">
    <subfield code="a">Barcelona : </subfield>
    <subfield code="b">Lumen, </subfield>
    <subfield code="c">1994.</subfield>
  </datafield>
  <datafield tag="300" ind1=" " ind2=" ">
    <subfield code="a">82 p. ; </subfield>
    <subfield code="c">22 cm.</subfield>
  </datafield>
  <datafield tag="490" ind1="1" ind2=" ">
    <subfield code="a">Poes&#xED;a ; </subfield>
    <subfield code="v">80</subfield>
  </datafield>
  <datafield tag="830" ind1="0" ind2=" ">
    <subfield code="a">Poes&#xED;a (Editorial Lumen) ;</subfield>
    <subfield code="v">80</subfield>
    <subfield code="9">180356</subfield>
  </datafield>
  <datafield tag="852" ind1=" " ind2=" ">
    <subfield code="a">ES-MaACL</subfield>
    <subfield code="j">L-17887</subfield>
  </datafield>
  <datafield tag="942" ind1=" " ind2=" ">
    <subfield code="2">udc</subfield>
  </datafield>
  <datafield tag="999" ind1=" " ind2=" ">
    <subfield code="c">10460</subfield>
    <subfield code="d">10460</subfield>
  </datafield>
  <datafield tag="952" ind1=" " ind2=" ">
    <subfield code="0">0</subfield>
    <subfield code="1">0</subfield>
    <subfield code="4">0</subfield>
    <subfield code="7">0</subfield>
    <subfield code="a">ATENEOM</subfield>
    <subfield code="b">ATENEOM</subfield>
    <subfield code="c">DEPO2</subfield>
    <subfield code="d">2008-01-17</subfield>
    <subfield code="e">SC</subfield>
    <subfield code="l">0</subfield>
    <subfield code="o">L-17887</subfield>
    <subfield code="p">1010670</subfield>
    <subfield code="r">2023-02-23 00:00:00</subfield>
    <subfield code="w">2023-02-23</subfield>
    <subfield code="y">MONOGRAFIA</subfield>
  </datafield>
</record>
